| 000 | 00427 a2200121 4500 | ||
|---|---|---|---|
| 001 | ART_55475 | ||
| 005 | 20260410161609.0 | ||
| 008 | 260409a | ||
| 245 | 1 | 0 | _aProyecto N° 49 de Resolución Técnica. Modificación de la Resolución Técnica (FACPCE) 15: |
| 100 | 1 | _aOubiña, Gabriel H. | |
| 700 | 1 | _aFaccendini, Yanina C. | |
| 773 | 0 |
_tProfesional & Empresaria _g- Año XXIII, Nº 270 (mar. 2022) _wREV70 |
|
| 999 |
_c10475 _d10475 |
||